LEADER 01304nam a2200265 i 4500 001 000000191856 003 CaOOAMICUS 005 20100920000000.0 008 100920s2010 it u000 u ita u 013 $a170428 020 $a978-88-96603-04-8 040 $aSeMil$bita 100 1 $aMartini, Carlo Maria,$c.$0(OLS)http://semarc/name/89159 245 14$aUna parola per te :$bpagine bibliche narrate ai più piccoli /$cCarlo Maria Martini con Damiano Modena ; illustrazioni di Francesco Dondina. 260 $aMilano :$bEditrice San Raffaele,$c2010. 300 $a81 p. :$bill. ;$c21x15 cm. 650 4$aBibbia - NT - Vangeli - Libri per ragazzi.$0(OLS)http://semarc/subject/36113 700 1 $aDondina, Francesco.$0(OLS)http://semarc/name/70006 700 1 $aModena, Damiano,$c.$0(OLS)http://semarc/name/34998 850 $aSeMil 852 $aSeMil$W1$xVenegono$y1$m2F II 538$j142464$B142464$CSeMilBibl$Z2$F154093 $81 961 $aAcquisto: L.S. srl 996 $6020$a978-88-96603-04-8$9(OLS)http://semarc/number/183007 996 $6245$aUna parola per te :$bpagine bibliche narrate ai più piccoli$9(OLS)http://semarc/title/276408 996 $6260$aMilano :$bEditrice San Raffaele$9(OLS)http://semarc/publisher/49537 LEADER 00750nam a2200205 i 4500 001 000000074309 003 CaOOAMICUS 005 20070502000000.0 008 070502s1934 it u000 u ita u 013 $a45481 040 $aSeMil$bita 100 1 $aArcari, Paolo <1879-1955>.$0(OLS)http://semarc/name/8622 245 10$aBalzac /$cPaolo Arcari. 260 $aBrescia :$bMorcelliana,$ccopyr. 1934. 300 $aXI, 201 p. ;$c20 cm. 600 14$aBalzac, Honoré : de <1799-1850>.$0(OLS)http://semarc/subject/8750 850 $aSeMil 852 $aSeMil$W1$xVenegono$y1$m1C II 39$j40461$B40461$CSeMilBibl$Z2$F40465 $81 996 $6245$aBalzac$9(OLS)http://semarc/title/120539 996 $6260$aBrescia :$bMorcelliana$9(OLS)http://semarc/publisher/29629